00941nam a22002297a 450000500170000001000150001702000260003203500140005803700090007208200180008110000330009924501290013225000060026126000380026727000820030530000330038770000380042070000390045894200320049799900190052995201630054820241003105120.0 aENG-141880 a9789354406049c925.00 aEN-125412 bDBAD a305.42095421 aMukhopadhyay, Raktima972304 aBecoming a Farmer:bWomen in Rural West Bengal, India/cby Raktima Mukhopadhyay; Itishree Pattnaik [and] Kuntala Lahiri Dutt a1 aHyderabadbOrient BlackSwanc2023 a3-6-752 HimayatnagarbHyderabad (Telangana)e500029minfo@orientblackswan.com axviii,230p.c22cm(Hb)bIndex aItishree Pattnaik eAuthor972305 aKuntala Lahiri DutteAuthor972306 2ddccENh305.420954mMUKe1 c206073d206073 001040718NFICaDBADbDBADd2024-10-03eDelivery of Books Act Divisiong925.00l0o305.420954 MUKpEN-125412r2024-10-03 00:00:00t1v925.00w2024-10-03yEN